Score 0/9 Timer 05:00
0 Plays Today
Actor Character % Correct
John RitterJack Tripper
96.2%
Joyce DeWittJanet Wood
95.7%
Suzanne SomersChrissy Snow
92.8%
Richard KlineLarry Dallas
82.1%
Normal FellMr. Roper
78.3%
Audra LindleyMrs. Roper
76.7%
Don KnottsMr. Furley
70.4%
Jenilee HarrisonCindy Snow
69.7%
Priscilla BarnesTeri Alden
52.2%
Remove Ads.
Support Sporcle.
Get the best of Sporcle when you Go Orange. This ad-free experience offers more features, more stats, and more fun while also helping to support Sporcle. Thank you for becoming a member.

You're not logged in!

Compare scores with friends on all Sporcle quizzes.
OR
Log In

Show Comments

Extras

Top Quizzes Today


Score Distribution

Your Account Isn't Verified!

In order to create a playlist on Sporcle, you need to verify the email address you used during registration. Go to your Sporcle Settings to finish the process.

Report this User

Report this user for behavior that violates our Community Guidelines.

Details: